Movies Quiz

Random Movies Quiz

GOOD films Quiz Stats

 Plays Quiz not verified by Sporcle

Challenge
Share
Tweet
Embed
Score 0/6 Timer 10:00
0 Plays Today
Hint Answer % Correct
A FewGood Men
97.6%
The GoodThe Bad and The Ugly
70.7%
GoodWill Hunting
46.3%
GoodFellas
29.3%
A GoodDay to Die Hard
26.8%
GoodMorning, Vietnam
12.2%

You're not logged in!

Compare scores with friends on all Sporcle quizzes.
Join for Free
OR
Log In

You Might Also Like...

Show Comments

Extras

Created Aug 19, 2013ReportNominate
Tags:good

Top Quizzes Today


Score Distribution

Your Account Isn't Verified!

In order to create a playlist on Sporcle, you need to verify the email address you used during registration. Go to your Sporcle Settings to finish the process.

Report this User

Report this user for behavior that violates our Community Guidelines.

Details: